• 首页
  • 本馆介绍
  • 公告通知
  • 最新文献
  • 馆藏检索
  • 电子资源
  • 读者导购
  • 参考咨询
  • 我的图书馆
  • 登录
  • 详细信息显示
  • 放入我的书架
  • 预约/预借图书
  • 作者相关作品
  • 分类相关作品
  • 丛书相关作品
  • 出版社相关作品

书目信息

  • 表格格式
  • 工作单格式
  • 卡片格式
题名:
旋风分离器
    
 
作者: 霍夫曼 , 斯坦因 著 ;彭维明 , 姬忠礼 译
分册:  
出版信息: 北京   化学工业出版社  2004
页数: 258页
开本: 24cm
丛书名:
单 册:
中图分类: TQ028.2
科图分类:
主题词: 气体净化--化工过程
电子资源:
ISBN: 7-5025-5871-3
000 00934nam0 2200253 45
001 002736343
005 20050509172124.3
010    @a7-5025-5871-3@dCNY40.00
100    @a20041013d2004 em y0chiy0110 ea
101 1  @achi@cdan@ceng
102    @aCN@b110000
105    @aa z 000yy
200 1  @a旋风分离器@Axuan feng fen li qi@e原理、设计和工程应用@f(丹)A. C.霍夫曼,(美)L. E.斯坦因著@F(Dan)A.C.Huo Fu Man,(Mei)L.E.Si Tan Yin Zhu@g彭维明,姬忠礼译
210    @a北京@c化学工业出版社@d2004
215    @a258页@c图@d24cm
330    @a本书详细介绍了旋风分离器的基本原理、各种分离模型和工程设计方法,同时还介绍了计算流体动力学在旋风分离器两相流动模拟方面的应用等新的研究成果。
606 0  @a气体净化@x化工过程
690    @aTQ028.2@v4
701  0 @a霍夫曼@4著
701  0 @a斯坦因@4著
702  0 @a彭维明@Apeng wei ming@4译
702  0 @a姬忠礼@Aji zhong li@4译
801  0 @aCN@bNLC@c20041111
905    @f4@b353078-081@dTQ028.2@e74
    
    旋风分离器:原理、设计和工程应用/(丹)A. C.霍夫曼,(美)L. E.斯坦因著/彭维明,姬忠礼译.-北京:化学工业出版社,2004
    258页:图;24cm
    
    
    ISBN 7-5025-5871-3:CNY40.00
    本书详细介绍了旋风分离器的基本原理、各种分离模型和工程设计方法,同时还介绍了计算流体动力学在旋风分离器两相流动模拟方面的应用等新的研究成果。
●
相关链接 在E读中查询图书 在五车中查询图书 在当当中查询图书 在豆瓣中查询图书


正题名:旋风分离器     索取号:TQ028.2/74         预约/预借

序号 登录号 条形码 馆藏地/架位号 状态 备注
1 0353078   3530780   第二样本阅览室/ [索取号:TQ028.2/74] 在馆    
2 0353079   3530799   第三借阅区/ [索取号:TQ028.2/74] 在馆    
3 0353080   3530806   第三借阅区/ [索取号:TQ028.2/74] 在馆    
4 0353081   3530815   第三借阅区/ [索取号:TQ028.2/74] 在馆    
唐山师范学院图书馆 欢迎您!
大连网信软件有限公司© 版权所有